বিক্রমপুরের নবাব বল্লাল সেন ও ঢাকেশ্বরী মন্দির / (Record no. 28620)

MARC details
000 -LEADER
fixed length control field 01240nam a22001937a 4500
003 - CONTROL NUMBER IDENTIFIER
control field BDDh-ASL
005 - DATE AND TIME OF LATEST TRANSACTION
control field 20231015030941.0
008 - FIXED-LENGTH DATA ELEMENTS--GENERAL INFORMATION
fixed length control field 220427s1997 b ||||| |||| 00| 0 b d
040 ## - CATALOGING SOURCE
Transcribing agency BDDh-ASL
082 ## - DEWEY DECIMAL CLASSIFICATION NUMBER
Classification number 294.5
Item number KHB
100 1# - MAIN ENTRY--PERSONAL NAME
9 (RLIN) 4630
Personal name খান, জয়নাল আবেদীন
245 10 - TITLE STATEMENT
Title বিক্রমপুরের নবাব বল্লাল সেন ও ঢাকেশ্বরী মন্দির /
246 ## - VARYING FORM OF TITLE
Title proper/short title Bikrampurer Nobab Bollal Sein O Dhakeswari Mondir
260 ## - PUBLICATION, DISTRIBUTION, ETC.
Place of publication, distribution, etc. ঢাকা:
Name of publisher, distributor, etc. দেলোয়ারা বেগম,
Date of publication, distribution, etc. ১৯৯৭।
300 ## - PHYSICAL DESCRIPTION
Extent ১২৮ পৃষ্ঠা;
Other physical details ছবি;
Dimensions ২৩ সে.মি.
600 10 - SUBJECT ADDED ENTRY--PERSONAL NAME
9 (RLIN) 6131
Personal name সেন, বল্লাল
650 #0 - SUBJECT ADDED ENTRY--TOPICAL TERM
Topical term or geographic name entry element Hindu Religion (হিন্দু ধর্ম), Hindu dharma, Hinduism, হিন্দুধর্ম, হিন্দুয়ানি, দেবদেবী, Dēbadēbī, Goddess, Dēba-dēbī, দেব-দেবী, Gods and Goddesses, হিন্দু ধর্মের ইতিহাস, Hindu dharmēra itihāsa, History of Hinduism, হিন্দু আইন, Hindu ā'ina, Hindu Law,
General subdivision Dhakeswari Mondir (ঢাকেশ্বরী মন্দির)
9 (RLIN) 6132
942 ## - ADDED ENTRY ELEMENTS (KOHA)
Source of classification or shelving scheme Dewey Decimal Classification
Koha item type Books
Holdings
Withdrawn status Lost status Source of classification or shelving scheme Damaged status Not for loan Collection code Home library Current library Shelving location Date acquired Source of acquisition Total Checkouts Full call number Barcode Date last seen Copy number Price effective from Koha item type
    Dewey Decimal Classification     Non-fiction Asiatic Society Library Asiatic Society Library Sirajul Islam Collection 04/27/2022 Donated by Prof. Sirajul Islam FRHS   294.5 KHB 116612 04/27/2022 C-1 04/27/2022 Books
    Dewey Decimal Classification     Non-fiction Asiatic Society Library Asiatic Society Library Sirajul Islam Collection 04/27/2022 Donated by Prof. Sirajul Islam FRHS   294.5 KHB 116619 04/27/2022 C-2 04/27/2022 Books

Powered by Koha